Provincias de España donde hay lobos - Estadísticas

Estadísticas generales
  • Esta prueba ha sido intentada 289 veces
  • La puntuación promedio es 21 de 24
Estadísticas de respuestas
PROVINCIA % Correcto
Asturias
95%
Burgos
93%
León
93%
Soria
93%
Cantabria
92%
Salamanca
91%
Zamora
91%
Lugo
90%
Segovia
90%
A Coruña
89%
Huesca
89%
Madrid
89%
Orense/ Ourense
89%
Valladolid
88%
Ávila
87%
Teruel
87%
Palencia
85%
Pontevedra
85%
Lérida/ Lleida
84%
Álava/ Araba
82%
Gerona/ Girona
80%
Vizcaya/ Bizkaia
80%
La Rioja
78%
Guadalajara
75%
No se encontraron pruebas coincidentes
Distribución de puntuación
Porcentaje de gente con cada puntuación
Porcentaje por número respondido
Historial de tus puntuaciones
No has intentado esta prueba.